|
|
|
|
| LEADER |
00000nam a22000007a 4500 |
| 005 |
20210805215020.0 |
| 007 |
cr|||| ||| |
| 008 |
210805s2010 ca |||||s|||| 00||0 eng d |
| 020 |
|
|
|a 9781552212424
|
| 035 |
|
|
|a 34884
|
| 040 |
|
|
|a vLex
|
| 090 |
|
|
|c 11925
|d 11925
|
| 100 |
1 |
|
|a Walker, Janet
|
| 245 |
1 |
0 |
|a Civil Litigation
|h [Recurso electrn̤ico] /
|c Janet Walker, Lorne Sossin
|
| 256 |
|
|
|a Servicio en ln̕ea
|
| 260 |
|
|
|a Toronto:
|b Irwin Law Inc.,
|c 2010
|
| 300 |
|
|
|a 1 recurso electrn̤ico
|
| 500 |
|
|
|a Civil Litigation by Professors Janet Walker and Lorne Sossin is a concise narrative of the key elements of the resolution of civil disputes in Canada. It covers all aspects of civil procedure and provides a useful pan-Canadian comparison of legislation and court rules from various jurisdictions. Until now there has not been an introductory work on the subject of civil litigation that places it in the larger institutional, professional, and social context of dispute resolution and which explains its main aspects in a way that is informative to members of the legal community and accessible to the larger community. Civil Ligitation fills that gap.
|
| 506 |
1 |
|
|a Disponible solo en los productos indicados
|d vLex Global
|d vLex Global (Academic Edition, excluding Law Schools)
|d vLex Global (U.S. Academic Edition, Law Schools)
|d vLex Global (U.S. Academic Edition, excluding Law Schools)
|d vLex Global (Academic Edition, Law Schools)
|
| 650 |
0 |
4 |
|a Procedimiento Civil
|z Canad̀
|
| 700 |
1 |
|
|a Sossin, Lorne
|
| 740 |
0 |
|
|a vLex Libros (Servicio en ln̕ea)
|
| 856 |
4 |
0 |
|u https://app.vlex.com/#/sources/34884
|z Acceso restringido
|
| 942 |
|
|
|c BOOK
|
| 999 |
0 |
|
|a Civil Procedure
|